000 00344nam a22001577a 4500
005 20160625170953.0
008 160625b xxu||||| |||| 00| 0 eng d
041 _aeng
082 _b10255
100 _aChandra, Grirish
_92821
245 _aJane (Bangla)
260 _bPragaya Vikas
300 _a215
650 _aBangla
_92816
942 _cBK
999 _c4094
_d4093